000 00480nam a2200169 4500
001 107091
003 ES-MaACL
005 20231205204442.0
007 t|
008 061121s1971 sp r ||||1| spa d
100 1 _aMorales, Rafael,
_d1919-2005
_983007
245 1 3 _aLa rueda y el viento /
_cRafael Morales.
260 _aSalamanca :
_b[s.n.],
_c1971 (
_fCalatrava)
300 _a46 p. ;
_c21 cm.
852 _aES-MaACL
_j2080-F-3
_bR.79465
999 _c107091
_d107091